Central Library OPAC University of Rajshahi

How to play cricket / (Record no. 17023)

MARC details
000 -LEADER
fixed length control field 00625nam a2200205 a 4500
001 - CONTROL NUMBER
control field 17023
003 - CONTROL NUMBER IDENTIFIER
rucl marc code BD-RjUL
005 - DATE AND TIME OF LATEST TRANSACTION
control field 20211209000058.0
008 - FIXED-LENGTH DATA ELEMENTS--GENERAL INFORMATION
fixed length control field 140216m19531935enkaf 000 0 eng d
035 ## - SYSTEM CONTROL NUMBER
System control number (BD-RjUL)17080
040 ## - CATALOGING SOURCE
Original cataloging agency D2055
Language of cataloging eng
Transcribing agency D2055
Modifying agency NU
-- BD-RjUL
041 0# - LANGUAGE CODE
Language code of text/sound track or separate title eng
082 04 - DEWEY DECIMAL CLASSIFICATION NUMBER
Classification number 796.358
Edition number 19
Author mark and year BRH 1953
100 1# - MAIN ENTRY--PERSONAL NAME
Personal name Bradman, Donald,
Dates associated with a name 1908-2001.
9 (RLIN) 52511
245 10 - TITLE STATEMENT
Title How to play cricket /
Statement of responsibility, etc. Don Bradman.
260 ## - PUBLICATION, DISTRIBUTION, ETC. (IMPRINT)
Place of publication, distribution, etc. London :
Name of publisher, distributor, etc. Hodder & Stoughton,
Date of publication, distribution, etc. 1935, 1953.
300 ## - PHYSICAL DESCRIPTION
Pagination 93 p. :
Illustrations ill., [10] leaves of plates (some folded) ;
Size 19 cm.
650 #0 - SUBJECT ADDED ENTRY--TOPICAL TERM
Topical term or geographic name as entry element Cricket
Geographic subdivision Australia.
9 (RLIN) 51362
942 ## - ADDED ENTRY ELEMENTS (KOHA)
Source of classification or shelving scheme Dewey Decimal Classification
Koha item type Books
Holdings
Lost status Source of classification or shelving scheme Damaged status Not for loan Collection code Permanent Location Current Location Shelving location Date acquired Source of acquisition Cost, normal purchase price Total Checkouts Full call number Date last seen Copy number Koha item type
  Dewey Decimal Classification   Not For Loan Non-fiction Central Library, University of Rajshahi Central Library, University of Rajshahi Reading Room 14/02/1956 B. & station 6.14   796.358 BRH 1953 16/02/2014 C-1 Books